Disney - Charakter mit "M" - Statistiken

Allgemein
  • Dieses Quiz wurde 73 mal gespielt
  • Das Durchschnittsergebnis liegt bei 14 aus 54
Antwortstatistiken
Film/ Serie Name % Korrekt
Mulan Mulan Fa
88%
... Poppins Marry Poppins
85%
Aristocats Marie
80%
... - Legende der Highlands Merida
78%
Fantasia Micky Maus
77%
Micky Maus Minnie Maus
77%
Goofy &... Max
73%
Descendants Mal
65%
Das Dschungelbuch Mogli
58%
Der König der Löwen Mufasa
57%
Monster AG Mike Glotzkowski
52%
Die Hexe & der Zauberer Madame Mim
45%
Die Hexe & der Zauberer Merlin
45%
Findet Nemo Marlin
43%
Vaiana Maui
40%
Die Schöne & das Biest Madame Pottine
32%
Dornröschen Maleficent
32%
Alles steht Kopf Meg
32%
Mulan Mushu
32%
Rot Mei Lee
30%
Robin Hood Maid Marian
28%
Encanto Mirabel Madrigal
27%
Schlimmer geht's immer mit... Milo Murphy
25%
Willkommen in Gravity Falls Mabel Pines
23%
DuckTales Mac Moneysac
20%
Bernhard & Bianca Madame Medusa
18%
Herkules Megara
17%
Die Schöne & das Biest Maurice
15%
Zoomania Mr. Big
15%
Star gegen die Mächtedes Bösen Marco Diaz
13%
Coco Miguel Rivera
12%
Pocahontas Meeko
10%
Marry Poppins Michael Banks
10%
Rapunzel - Die Serie Ms. Crowley
10%
Entenhausen Mack
8%
Entenhausen Muck
8%
Vaiana Mini Maui
7%
Willkommen in Gravity Falls Mannsbild Dan
5%
Die Eiskönigin Marshmallow
5%
Antarctica Maya
5%
Cars Miles Axlerod
3%
Toy Story Mrs. Davis
3%
Star gegen die Mächtedes Bösen Meteora Butterfly
2%
Star gegen die Mächtedes Bösen Mina Loveberry
2%
Aladdin - Die Serie Mogelrath
2%
Toy Story Molly Davis
2%
Pinocchio Monstro
2%
Rapunzel - Die Serie Monty
2%
Star gegen die Mächtedes Bösen Moon Butterfly
2%
Arielle - Wie alles begann Morgana
2%
Zoomania Manchas
0%
Ralph reicht's 2 - Chaosim Netz Maybe
0%
Baymax Mochi
0%
Baymax Mr. Yama
0%
Keine übereinstimmenden Quizze gefunden
Verteilung der Resultate
Anzahl Personen mit jedem Resultat
Perzentil nach korrekt beantworteten Fragen
Ihre Resultats-Entwicklung
Sie haben dieses Quiz noch nicht gespielt